000 00248nam a2200109Ia 4500
008 220216s9999 xx 000 0 und d
100 _aMadhu C B
245 0 _aValarunna vaarikulam Sungam
260 _bRubber
_c2012
300 _a21-23
942 _cJS
999 _c72053
_d72053